Suicide Squad Members Quiz - Statistics

General Stats
  • This quiz has been taken 71 times
  • The average score is 11 of 21
Answer Stats
Real Name Status Bio Answer % Correct
Harleen Quinzel Alive Former psychiatrist at Arkham Asylum who fell inlove with The Joker, becoming his girlfriend and partner in crime. Harley Quinn
100%
Floyd Lawton Alive The worlds most wanted hit man who has nevermissed a shot. Deadshot
93%
Waylon Jones Alive Human born with a genetic disorder that gives him thelook and abilities of a Crocodile. Killer Croc
71%
Abner Krill Deceased Metahuman that throws polka-dots at people. Polka-Dot Man
66%
Digger Harkness Deceased Australian bank robber who uses bladed boomerangsas weapons. Captain Boomerang
64%
N/A Deceased Colonel and the de-facto leader of Task Force X. Colonel Rick Flag
64%
Nanaue Alive Scary yet sweet talking shark. King Shark
64%
Christopher Smith Alive Vigilante who wishes to achieve peace… at any cost. Peacemaker
63%
N/A Alive Mutated weasel-like creature that’s killed 27 children. Weasel
57%
Robert DuBois Alive Assassin for hire who was imprisoned for trying tokill Superman with a Kryptonite bullet. Bloodsport
54%
June Moon Deceased Archeologist who shares a body with an otherworldly witch;she eventually betrays Waller and attempts to take over Midway City. Enchantress
52%
Tatsu Yamashiro Alive Japanese samurai assassin who wields the “SoultakerSword”. Katana
48%
Cleo Cazo Alive Woman who can control and talk with rats. Ratcatcher II
46%
Corey Pitzner Alive Metahuman who can detach his limbs from his body. The Detachable Kid (T.D.K)
45%
Chato Santana Deceased Former gangster and a Metahuman with pyrokinesis El Diablo
39%
Gunter Braun Deceased Former Olympic athlete turned spear throwing criminal. Javelin
39%
Christopher Weiss Deceased Assassin who can climb anything. Slipknot
32%
Richard Hertz Deceased Dimwitted criminal who attempted to sell out his teamin exchange for freedom. Blackguard
30%
N/A Deceased Alien warrior from another planet. Mongal
27%
Brian Durlin Deceased Vigilante with near perfect marksmanship. Savant
27%
N/A Alive ^’s friendly pet rat. Sebastian
21%
No matching quizzes found
Score Distribution
Percent of People with Each Score
Percentile by Number Answered
Your Score History
You have not taken this quiz